000 00334nam a2200133Ia 4500
008 220216s9999 xx 000 0 und d
100 _aNorman R H
245 0 _aElectrical properties of polymers
260 _bProceedings of the IRI
_c1957
300 _a47-60
650 _aElectrical properties
650 _aPolymers
942 _cJS
999 _c58507
_d58507